Thiết kế bài giảng hoạt động giáo dục ngoài giờ lên lớp 11 :
Cuốn sách viết vê tổ chức các hoạt động giáo dục ngoài giờ lên lớp ở lớp 11 sẽ giúp giáo viên có những bài soạn đa dạng và thực tế hơn, thiết thực hơn trong việc tổ chức các hoạt động cho học sinh, nội dung sách bao gồm những vấn đê...
Đã lưu trong:
| 主要作者: | |
|---|---|
| 格式: | 图书 |
| 语言: | Undetermined |
| 出版: |
Tp. Hồ Chí Minh
Giáo dục
2009
|
| 主题: | |
| 标签: |
添加标签
没有标签, 成为第一个标记此记录!
|
| Thư viện lưu trữ: | Trung tâm Học liệu Trường Đại học Cần Thơ |
|---|
| LEADER | 01318nam a2200241Ia 4500 | ||
|---|---|---|---|
| 001 | CTU_184775 | ||
| 008 | 210402s9999 xx 000 0 und d | ||
| 020 | |c 22500 | ||
| 082 | |a 373.1 | ||
| 082 | |b Qu106 | ||
| 100 | |a Nguyễn, Dục Quang | ||
| 245 | 0 | |a Thiết kế bài giảng hoạt động giáo dục ngoài giờ lên lớp 11 : | |
| 245 | 0 | |c Nguyễn Dục Quang, Lê Thanh Sử | |
| 260 | |a Tp. Hồ Chí Minh | ||
| 260 | |b Giáo dục | ||
| 260 | |c 2009 | ||
| 520 | |a Cuốn sách viết vê tổ chức các hoạt động giáo dục ngoài giờ lên lớp ở lớp 11 sẽ giúp giáo viên có những bài soạn đa dạng và thực tế hơn, thiết thực hơn trong việc tổ chức các hoạt động cho học sinh, nội dung sách bao gồm những vấn đề chung, thiết kế các hoạt động giáo dục ngoài giờ lên lớp ở lớp 11. | ||
| 526 | |a Hoạt động giáo dục trong nhà trường phổ thông | ||
| 526 | |b SG131 | ||
| 650 | |a Education,Giáo dục | ||
| 650 | |x Study and teaching (secondary),Học và giảng dạy (trung học) | ||
| 904 | |i Bành Ngọc Trang | ||
| 980 | |a Trung tâm Học liệu Trường Đại học Cần Thơ | ||